Women at work in Spain : from the Middle Ages to early modern times /

Bibliographic Details
Other Authors: Stone, Marilyn, 1935-, Benito-Vessels, Carmen
Format: Book
Language:English
Published: New York : Peter Lang, [1998]
Subjects:

MARC

Tag First Indicator Second Indicator Subfields
LEADER 00000cam a2200000 a 4500
001 in00001406663
005 20151020072836.0
008 961022s1998 nyu b 001 0 eng
010 |a  96039369  
020 |a 0820436704 (pbk. : alk. paper) 
035 |a (OCoLC)35848948 
035 |9 AHQ3614AM 
040 |a DLC  |c DLC  |d TXA  |d UtOrBLW 
043 |a e-sp--- 
049 |a TXAM 
050 0 0 |a HD6177  |b .W66 1998 
082 0 0 |a 331.4/0946  |2 21 
245 0 0 |a Women at work in Spain :  |b from the Middle Ages to early modern times /  |c edited by Marilyn Stone & Carmen Benito-Vessels. 
264 1 |a New York :  |b Peter Lang,  |c [1998] 
264 4 |c ©1998 
300 |a viii, 197 pages ;  |c 23 cm. 
336 |a text  |b txt  |2 rdacontent 
337 |a unmediated  |b n  |2 rdamedia 
338 |a volume  |b nc  |2 rdacarrier 
504 |a Includes bibliographical references (pages [181]-187) and index. 
650 0 |a Women  |x Employment  |z Spain  |x History. 
650 0 |a Occupational training for women  |z Spain. 
650 0 |a Women  |z Spain  |x Social conditions. 
650 0 |a Sex discrimination against women  |z Spain. 
650 0 |a Sexism  |z Spain. 
700 1 |a Stone, Marilyn,  |d 1935- 
700 1 |a Benito-Vessels, Carmen. 
948 |a c:ce 
999 |a MARS 
999 f f |s 7ed9b610-5346-31e2-bfca-d6051047eb3a  |i b59f3f8d-1c00-36c1-8bd5-b4aae14916b8  |t 0 
952 f f |p ric  |a Texas A&M University  |b Rellis Campus  |c Joint Library Facility  |d Remote Storage  |t 0  |e HD6177 .W66 1998  |h Library of Congress classification  |i unmediated -- volume  |m A14823314611 
998 f f |a HD6177 .W66 1998  |t 0  |l Remote Storage